000 00689nam a2200205Ii 4500
003 JO-AjNU
008 230605s9999||||xx |||||||||||||| ||und||
040 _aJO-AjNU
_bara
_erda
_cJO-AjNU
041 _aara
050 1 4 _aQB631.A77222 1992
100 3 _aالعقاد ، انور عبد الغني,
_eauthor
_916856
245 0 0 _aالجغرافيا الفلكيه
264 3 1 _aالرياض:دار المريخ للنشر ، 1992
300 _a218ص
336 _atext
_btxt
_2rdacontent
337 _aunmediated
_bn
_2rdamedia
338 _avolume
_bnc
_2rdacarrier
490 0 _aموسوعة العلوم الكونيه
650 4 _aالجغرافيا الفلكية-الفلك
_916857
999 _aA5088
_c8656
_d8656